|
|
|
|
| LEADER |
01519nam a2200265 a 4500 |
| 001 |
1288 |
| 003 |
BD-DhAAL |
| 008 |
090504s1981 bg b 000 0 eng d |
| 999 |
|
|
|c 379
|d 379
|
| 040 |
|
|
|a BD-DhAAL
|
| 082 |
0 |
0 |
|a 363.465492
|2 19
|
| 100 |
1 |
|
|a Islam, Shamima.
|9 41860
|
| 245 |
1 |
0 |
|a Indigenous abortion practitioners in rural Bangladesh :
|b women abortionists, their perceptions and practices /
|c by Shamina Islam.
|
| 260 |
|
|
|a Dhaka :
|b Women for Women : A Research and study Group ;
|a Dacca :
|b Women for Women ;
|b Narigrantha Prabortana,
|c 1981, 1992
|
| 300 |
|
|
|a xi,86 pages :
|a v,108 pages ;
|c 22 cm.
|
| 504 |
|
|
|a Includes bibliographical references (pages [80-81])
|
| 541 |
1 |
|
|e 1288
|
| 650 |
|
0 |
|a Abortion
|z Bangladesh.
|9 41861
|
| 650 |
|
0 |
|a Abortion services
|z Bangladesh.
|9 41862
|
| 852 |
|
|
|a Ayesha Abed Library
|c General Stacks
|
| 942 |
|
|
|2 ddc
|c BK
|
| 952 |
|
|
|0 0
|1 0
|2 ddc
|4 0
|6 363_465492000000000_ISL_1981
|7 0
|9 343
|a BRACUL
|b BRACUL
|c GEN
|d 2009-05-05
|g 20.00
|l 0
|o 363.465492 ISL
|p 3010001288
|r 2009-05-05
|t 1
|w 2009-05-05
|y BK
|
| 952 |
|
|
|0 0
|1 0
|2 ddc
|4 0
|6 363_465492000000000_ISL_1981
|7 0
|9 9637
|a BRACUL
|b BRACUL
|c GEN
|d 2010-05-02
|g 20.00
|l 0
|o 363.465492 ISL
|p 3010004443
|r 2010-05-02
|t 2
|w 2010-05-02
|y BK
|
| 952 |
|
|
|0 0
|1 0
|2 ddc
|4 0
|6 363_460954920000000_ISL
|7 0
|9 9788
|a BRACUL
|b BRACUL
|c GEN
|d 2010-05-05
|g 60.00
|l 0
|o 363.46095492 ISL
|p 3010005350
|r 2010-05-05
|t 4
|w 2010-05-05
|y BK
|
| 952 |
|
|
|0 0
|1 0
|2 ddc
|4 0
|6 363_465492000000000_ISL_1981
|7 0
|9 14903
|a BRACUL
|b BRACUL
|c GEN
|d 2011-03-23
|g 20.00
|l 0
|o 363.465492 ISL
|p 3010001289
|r 2011-03-23
|t 3
|w 2011-03-23
|y BK
|